Séries étrangères des années 60 à 90 - 100 questions progressives - Statistiques

Statistiques générales
  • Ce quiz a été pris 187 fois
  • Le résultat moyen est 24 sur 100
Statistiques - réponses
% Question Réponse % Correct
1 La série porte le nom d'une grande ville du Texas. Dallas
97%
2 Dans cette série, on a pu suivre les mésaventures de la brigade de sauvetage du comté de Los Angeles Alerte à Malibu
64%
3 Sur le Pacific Princess puis le Sun Princess tout le monde cherche l'amour dans La croisière s'amuse
59%
7 Les péripéties de six jeunes new-yorkais liés par une profonde amitié. Entre amour, travail et famille, ils partagent leurs bonheurs et leurs soucis. Friends
56%
5 La série se déroule au Cook County General Hospital Urgences
56%
4 A Bad City, en Californie deux policiers aux personnalités différentes font équipe pour résoudre des enquêtes avec l'aide de Huggy Bear Starsky et Hutch
55%
6 Détective privé à Hawaï, il se déplace en Ferrari Magnum
53%
8 Sonny Crockett et Ricardo Tubbs sont policiers en Floride, la série raconte leurs aventures. Deux flics à Miami
51%
12 Un imperméable, une 403 décapotable, un cigare, un basset d'Artois, vous avez reconnu... Columbo
46%
10 Débrouillard, toujours muni de son couteau suisse, il se sort de toutes les situations, c'est MacGyver
43%
11 Le dernier survivant de la planète Melmac s'installe dans une famille Alf
41%
16 Philip Drummond, riche homme d'affaires new-yorkais, vit dans un luxueux appartement avec sa fille Virginia. Lorsque sa gouvernante décède, selon sa dernière volonté, il recueille ses deux fils, Arnold et Willy, qui ont grandi dans le quartier défavorisé de Harlem. On suit leurs aventures dans... Arnold et Willy
41%
14 La série raconte la vie de la famille Ingalls et de leurs amis La petite maison dans la prairie
41%
15 Samantha n'a qu'à bouger son nez pour lancer des sortilèges dans... Ma sorcière bien aimée
41%
17 La série raconte les enquêtes d'un inspecteur de la police criminelle de Munich Inspecteur Derrick
38%
9 Le colonel Steve Austin est gravement blessé quand sa capsule s'écrase, on remplace des parties de son corps par des prothèses bioniques... Il devient... L'homme qui valait trois milliards
38%
13 Jonathan et Jennifer Hart mènent l'enquête dans Pour l'amour du risque
38%
19 Quand il a besoin d'argent, Colt Seavers, cascadeur, devient chasseur de primes dans L'homme qui tombe à pic
36%
18 Quand il se fâche, le docteur Banner devient une sorte d'énorme monstre vert L'incroyable Hulk
35%
21 La série est l'adaptation des romans d'Agatha Christie dans lesquels figurent son détective belge Hercule Poirot
33%
30 Michaël Knight voyage aux Etats-Unis pour la Fondation dirigée par Devon Miles avec son voiture Kitt dans K 2000
33%
41 Ce feuilleton relate la vie de la riche et puissante famille Carrington, à Denver dans l'État du Colorado aux États-Unis. Dynastie
32%
42 Accusés à tort du braquage d'une banque, quatre vétérans du Vietnam sont mis en prison. Après s'être évadés, les quatre compères décident de créer une agence dont la vocation première est d'aider la veuve et l'orphelin. La série se nomme Agence tous risques
31%
48 Des extra-terrestres envahissent la terre en douceur. Certains résistent...comme Mike Donovan et Julie Parrish V
30%
20 Fox Mulder et Dana Scully travaillent sur des dossiers non classés, des affaires non résolues impliquant des phénomènes paranormaux dans (titre complet) X-Files : Aux frontières du réel
30%
23 La série raconte les aventures de l'agent secret John Steed et de ses partenaires Chapeau melon et bottes de cuir
29%
40 Une nouvelle vie commence pour trois soeurs après la découverte d'un vieux grimoire dans un grenier, c'est le thème de la série Charmed
29%
24 Trois jeunes et jolies jeunes femmes sont engagées par une agence privée. Elles ne voient jamais leur patron prénommé Charlie Drôles de dames
29%
52 Tony Micelli devient homme à tout faire pour Angela Bower dans Madame est servie
28%
36 La série raconte les aventures de l'équipage du vaisseau spatial USS Enterprise (NCC-1701) de la Fédération des planètes unies Star Trek
28%
67 Jon et Ponch veillent sur les autoroutes de Los Angeles sur leurs motos Chips
27%
62 Jessica Fletcher, romancière à succès, aime résoudre de vrais crime dans Arabesque
26%
51 Le Dr Sam Beckett passe d'un corps à un autre, il doit résoudre les problème de son "hôte" pour espérer regagner le sien Code Quantum
26%
63 Gary Hobson reçoit chaque matin le journal du lendemain et tente ainsi de changer le cours des choses dans Demain à la Une
26%
55 La série raconte la vie d'Arthur Fonzarelli, petit voyou, de Richie Cunningham, étudiant coincé, de leurs amis et familles dans l'Amérique des années 50. Happy days
26%
37 Ce lieutenant de police, grand amateur de sucettes est le héros de Kojak
26%
50 Will passe des quartiers difficiles de Philadelphie à Bel-Air quand il s'installe chez son oncle... On suit ses aventures dans... Le prince de Bel-Air
26%
39 Simon Templar est un aventurier au charme irrésistible, mélange de justicier, de détective amateur et de Robin des Bois moderne, qui traque les criminels à travers le monde et n'hésite pas à les dépouiller. On le surnomme... Le Saint
26%
53 Diana est désignée pour ramener le major Steve Trevor en Amérique, elle vient d'une île qui donne d'étranges pouvoirs aux femmes... Elle est... Wonder woman
26%
38 Dans la Californie du début du XIXe siècle encore dirigée par la couronne d'Espagne, un aristocrate joue les redresseurs de torts sous le nom de Zorro
26%
58 Un soir, alors qu'il s'assoupit au volant de sa voiture, David Vincent, un architecte américain, est témoin de l'atterrissage d'une soucoupe volante. Il lutte dès lors contre les extra-terrestres dans Les Envahisseurs
24%
43 Mark Harris est capable de respirer sous l'eau, nage à une vitesse vertigineuse grâce à ses doigts palmés et est doté d'une vue fantastique. Il est le dernier survivant d'un continent légendaire dans L'homme de l'Atlantide
24%
27 "Bonjour, Monsieur Phelps. Votre mission, si toutefois vous l'acceptez..." Quelle série commence ainsi ? Mission impossible
24%
22 On suit les enquêtes de Mike Stone, vétéran de la police de San Francisco et de son jeune coéquipier Steve Keller dans Les rues de San Francisco
23%
57 Springfellow Hawke est un pilote d'essai qui effectue des missions pour la CIA dans Supercopter
23%
54 Tout sépare Brett Sinclair et Danny Wilde qui doivent pourtant enquêter ensemble dans Amicalement votre
22%
87 Une famille du Minnesota s'installe dans une ville de Californie qui donne son nom à la série Beverly Hills
22%
35 La série présente le quotidien de la famille du Dr Heathcliff Huxtable. Cosby Show
22%
49 La vie d'une femme médecin installée à Colorado Springs au XIXe siècle Dr Quinn, femme médecin
22%
65 La série est l'adaptation des romans d'Agatha Christie dans lesquels figurent une vieille dame qui aime résoudre des énigmes Miss Marple
22%
80 Les aventures d'un ranger au Texas Walker, texas ranger
22%
25 La série raconte les aventures de Josh Randall, un chasseur de primes américain du Far West, armé de sa carabine Winchester à crosse et canon sciés Au nom de la loi
21%
28 Cette série raconte le quotidien des élèves d'une école new-yorkaise, la School of Performing Arts Fame
21%
32 La série raconte les aventures d'un dauphin apprivoisé, meilleur ami d'un jeune garçon prénommé Bud Flipper
21%
26 Le détective Steve McGarrett rejoint une unité qui lutte contre le crime à Hawaï dans Hawaï Police d'Etat
21%
29 La série suit les exploits de l'agent spécial du Trésor Eliot Ness et de son petit groupe d'agents dans leur lutte inlassable contre les membres de la pègre. Les Incorruptibles
21%
33 La série met en scène la rivalité entre les Capwell et les Lockridge Santa Barbara
21%
44 Le 13 septembre 1999 la Lune quitte l'orbite de la Terre ainsi commence chaque épisode de Cosmos 1999
20%
64 Jaimie Sommers, joueuse de tennis, est gravement blessée. On lui pose des implants bioniques. Elle devient Super Jaimie
20%
82 Une brigade de police s'installe dans une ancienne église, c'est son adresse qui donne le nom à la série 21 Jump Street
19%
66 A la suite d'une indélicatesse de son manager, Maddie Hayes, ravissant mannequin, est dépossédée de la plupart de ses biens... sauf une agence de détectives privés dirigée par David Addison. Elle devient sa coéquipière. Clair de Lune
19%
59 Un kangourou est le meilleur ami de Sonny et de son père, garde forestier dans Skippy le Kangourou
19%
83 Suite à l'invasion d'une base par des extraterrestres, le colonel en retraite Jack O'Neill est appelé à la rescousse, aidé par son équipe. Stargate SG-1
19%
34 Un aventurier, devient sénateur du Tennessee et ministre des affaires indiennes. Il devient un héros à Fort Alamo. La série porte son nom Davy Crockett
17%
88 Toujours accompagné de l'officier Romano, le héros, sergent, est chargé de la formation des futurs membres de la police de Los Angeles dans Hooker
17%
47 Des pilotes rebelles combattent pendant la guerre du Pacifique sous les ordres de Pappy Boyington Les têtes brûlées
17%
71 Le héros est détective à la Criminelle de Los Angeles et a pour partenaire Dee Dee McCall. Rick Hunter
17%
31 Un inspecteur hors norme enquête dans la ville d'Oxford Inspecteur Morse
16%
73 Zack, Slater, Screech, Lisa, Kelly et Jessie sont six inséparables amis fréquentant la Bayside High School en Californie. Leurs aventures sont racontées dans Sauvés par le gong
16%
46 Série burlesque britannique dans laquelle on courrait beaucoup qui porte le nom de son créateur Benny Hill
15%
81 Le docteur Richard Kimble, accusé à tort du meurtre de sa femme, fuit la police pour éviter la condamnation à mort et retrouver le véritable assassin, qui est manchot. Le fugitif
15%
61 Daniel Westin met au point un sérum pour devenir invisible mais ne parvient pas à redevenir visible. Il effectue des missions pour les services secrets dans L'homme invisible
15%
45 Deux femmes sont les policières héroïnes de cette série qui se déroule à New Yok Cagney et Lacey | Cagney & Lacey
13%
69 La série raconte les histoires d'un vétérinaire installé en Afrique avec sa fille Paula et des animaux Clarence et Judy Daktari
13%
56 Au fil des épisodes Lee Stetson, agent de renseignement, s'associe de plus en plus avec Amanda King dans Les deux font la paire
13%
60 On suit les aventures de Joe (...) qui travaille pour Intertect puis devient détective privé à Los Angeles Mannix
13%
93 Une représentante en cosmétique est engagée comme nounou par un producteur de Broadway dans Une nounou d'enfer
13%
68 Cette série met en scène les aventures d'un célèbre chevalier justicier sous le règne de l'infâme Prince Jean. Ivanhoé
12%
74 On suit le quotidien de l'équipe médicale et des patients d'une clinique située dans la Forêt-Noire. La clinique de la forêt noire
12%
75 Jonathan Smith est un ange envoyé sur Terre par Dieu avec pour mission d'amener de l'amour et de la compassion dans la vie des gens dans le malheur dans Les routes du paradis
12%
72 Agent 86 de l'agence Control, le héros est une véritable catastrophe ambulante Max la Menace
12%
78 Le quotidien d'une famille américaine dont le père est pasteur est raconté dans... 7 à la maison
11%
70 Agent de la CIA, Kelly Robinson et Alexander Scott, sous la couverture d'un joueur de tennis et de son entraîneur, ils parcourent le monde au fil de leurs missions. Les Espions
11%
84 Après avoir reçu une balle dans la colonne vertébrale, le redoutable policier Robert Dacier continue à mener ses enquêtes même en fauteuil roulant L'homme de fer
11%
76 Homme d'action, milliardaire texan, il connait de multiples aventures dans la série policière qui porte son nom Matt Houston
11%
98 Un ancien agent secret est kidnappé et conduit dans un village où il devient N°6, il refuse sa nouvelle situation Le Prisonnier
10%
79 L'action de la série se déroule dans un camp de prisonniers en Allemagne pendant la 2e Guerre mondiale Papa Schultz
10%
77 Un commissaire allemand mène des enquêtes criminelles. Cette série en est à sa 52e saison Le Renard
9%
89 Deux garçons créent une femme idéale sur un ordinateur. Ils vont vivre des aventures avec elle. Code Lisa
7%
94 À Francfort-sur-le-Main, le détective privé allemand Josef Matula, un ancien policier, travaille en collaboration avec un avocat qui est également son meilleur ami dans Un cas pour deux
6%
99 Un espion américain, Napoléon Solo et un espion soviétique, Illya Kouriakine doivent travailler ensemble pour lutter contre une organisation internationale dans... Des agents très spéciaux
5%
90 On suit la vie des avocats du cabinet McKenzie, Brackman, Chaney et Kuzak dans La loi de Los Angeles
5%
95 Laura Holt, détective privée, s'associe avec un voleur pour mener des enquêtes dans Les enquêtes de Remington Steele
5%
96 La guerre n'est jamais facile à vivre, surtout quand on travaille dans un hôpital militaire mobile pendant la guerre de Corée. Pourtant, un groupe de chirurgiens et d'infirmières prend les choses avec humour dans MASH
5%
92 La famille Duke s'oppose à Boss Hogg et son beau-frère le shérif Rosco Shérif, fais-moi peur
5%
85 Cette série humoristique suit les mésaventures de deux personnages, Edmund Blackadder et son domestique Baldrick, à travers les faits marquants de l'histoire de l'Angleterre, de 1485 à 1917 La vipère noire
4%
91 L'amitié unique d'un jeune garçon, Alec, et d'un cheval, Black, va leur permettre de gagner toutes les courses auxquelles ils vont participer. L'étalon noir
4%
100 On ignore le nom du personnage, régisseur du ranch de Shilch dans le Wyoming, son surnom donne son nom à la série Le Virginien
4%
97 Cette série raconte le voyage d'un groupe de cow-boys chargés de convoyer 3 000 têtes de bétail de San Antonio, Texas, à Sedalia, Missouri, dans les années qui suivent la guerre de Sécession Rawhide
4%
86 Jesse Mach, un policier passionné de moto, est choisi par les services secrets pour conduire une moto révolutionnaire dans Tonnerre mécanique
4%
Aucun quiz correspondant
Distribution des résultats
% des personnes avec chaque résultat
Percentile par nombre de réponses
Votre historique - résultats
Vous n’avez pas pris ce quiz